00510nam a2200193 a 4500001001300000003000900013005001700022008004100039020001000080082001500090100002200105245003400127260005400161300000900215500003500224505001000259650002500269700002200294nice12345678IN_TiNIC20260116013645.0050524s1982 isla grp 000 0 eng  ac63000a725.2bDAN aDani, Ahmad Hasan aThattab Islamic Architecture aIslamabadbInst.Of Islamic History, Culturec1982 a211p aincludes index and biblioraphy2 aIndex aArchitecture-Islamic1 aDani, Ahmad Hasan